Missing Word: Titled People Quiz Stats

 Plays Quiz Updated Oct 13, 2016

Challenge
Share
Tweet
Embed
Score 0/30 Timer 04:00
0 Plays Today
Clue Title % Correct
____ KongKing
97.4%
__ EdMr
96.4%
___ DoubtfireMrs
95.4%
______ JekyllDoctor
94.4%
______ CaspianPrince
92.9%
_______ Jack SparrowCaptain
92.8%
_____ of HeartsQueen
92.3%
___ LancelotSir
92.2%
_____ DraculaCount
92.2%
________ LeiaPrincess
90.3%
____ VoldemortLord
86%
_______ MustardColonel
80.9%
_______ RyanPrivate
69.2%
_____ DreddJudge
63.9%
_________ BilkoSergeant
60.9%
Clue Title % Correct
_____ TuckFriar
52%
_________ Moriarty Professor
49.7%
_______ ZodGeneral
46.2%
_____ MajorMajor
42.7%
_____ Clancy WiggumChief
41%
_______ AckbarAdmiral
41%
_____ SamUncle
40.1%
__________ WorfLieutenant
36.4%
____ Petunia Aunt
34.8%
_________ Josiah BartletPresident
32%
_______ MingEmperor
29.9%
______ TedFather
29.8%
____________ GordonCommissioner
24.1%
_______ CadfaelBrother
18.7%
_____ FrankensteinBaron
11%

Today's Daily Dose

Missing Word
Directed by David

Word Ladder
The Jungle Book

On This Day
July 17th II

You're not logged in!

Compare scores with friends on all Sporcle quizzes.
Join for Free
OR
Log In

You Might Also Like...

Show Comments

Extras

Top Quizzes Today


Score Distribution

Your Account Isn't Verified!

In order to create a playlist on Sporcle, you need to verify the email address you used during registration. Go to your Sporcle Settings to finish the process.

Report this User

Report this user for behavior that violates our Community Guidelines.

Details: